000 00415nam a2200181Ia 4500
001 11308
005 20260306162818.0
008 260306t2002||||xx |||||||||||||| ||spa||
041 _aESP
082 _a985.03
_bL46
100 _aLeón Gómez, Miguel
_eAUT
245 0 _aPaños e hidalguía
260 _c2002
300 _a252 páginas :
_ccm.
650 _aGEN
654 _aCHU
942 _cLIB
_dJUS
_fJUS
_2ddc
_n
999 _c11308
_d11308